000 00523cam a2200205ua 4500
001 146
008 110322n ii |||gr||||Z||||||eng
020 _a978-0-07-460482-3
020 _a0-07-460482-1
040 _cMAIN
082 _a004.6
245 _aSystem programming.
_cBy John J. Donovan.
250 _a1st.
260 _aNew Delhi.:
_bTata mcgraw hill.,
_c2010.
300 _axii, 488 p.:
_bill.;8 cm.
653 _aComputer science.
653 _aSystems programming.
700 1 _aDonovan, John J.,
942 _cBK
999 _c134
_d134